| 000 | 00832nam a2200217 a 4500 | ||
|---|---|---|---|
| 001 | 000023907 | ||
| 005 | 20200930022547.0 | ||
| 008 | 110117s1973 ck a r 000 0 spa d | ||
| 040 |
_aDO-SdBNP _bspa _cBNPHU |
||
| 082 |
_a517.8 _bH376v |
||
| 100 | 1 |
_aHauser, Arthur A., Jr. _949170 |
|
| 245 | 1 | 0 |
_aVariable compleja / _cArthur A. Hauser ; versión en español de Peter Ujfalussy F. ; con la colaboración de M. en C. Federico Velasco Coba. |
| 260 |
_aBogotá, (Colombia) : _bFondo Educativo Interamericano, _c1973. |
||
| 300 |
_a417 p. : _bil. ; _c28 cm. |
||
| 490 | 1 | _aFondo. Teoría y problemas con solución | |
| 650 | 4 |
_aVariables complejas _949171 |
|
| 650 | 4 |
_aFuncione de varible compleja _949172 |
|
| 700 | 1 |
_aUjfalussy, F. Peter, _etr. _949173 |
|
| 830 | 0 |
_aFondo. Teoría y problemas con solución _949174 |
|
| 049 | _aBNGR | ||
| 999 |
_c23403 _d23403 |
||